Eléménts de statistique (Record no. 51606)
[ view plain ]
| 000 -LEADER | |
|---|---|
| fixed length control field | 00748nam a22001937a 4500 |
| 008 - FIXED-LENGTH DATA ELEMENTS--GENERAL INFORMATION | |
| fixed length control field | 130627t xxu||||| |||| 00| 0 eng d |
| 020 ## - INTERNATIONAL STANDARD BOOK NUMBER | |
| International Standard Book Number | 978-2-8004-1400-3, |
| 020 ## - INTERNATIONAL STANDARD BOOK NUMBER | |
| International Standard Book Number | 978-2-7298-4166-9 |
| 040 ## - CATALOGING SOURCE | |
| Original cataloging agency | BUAC |
| Transcribing agency | CDIRSP |
| 041 ## - LANGUAGE CODE | |
| Language code of text/sound track or separate title | Fr |
| 100 ## - MAIN ENTRY--PERSONAL NAME | |
| Personal name | DEHON Cathérine, DROESBEKE Jean-Jacques, VERMANDELE Cathérine |
| 9 (RLIN) | 24873 |
| 245 ## - TITLE STATEMENT | |
| Title | Eléménts de statistique |
| Statement of responsibility, etc | / Cathérine DEHON , Jean-Jacques DROESBEKE , Cathérine VERMANDELE |
| 250 ## - EDITION STATEMENT | |
| Edition statement | 5 è Ed. |
| Remainder of edition statement | Revue et augmentée |
| 260 ## - PUBLICATION, DISTRIBUTION, ETC. (IMPRINT) | |
| Place of publication, distribution, etc | Bruxelles,: |
| Name of publisher, distributor, etc | Editions de l' Université de Bruxelles, |
| -- | Ellipses, |
| Date of publication, distribution, etc | 2008 |
| 300 ## - PHYSICAL DESCRIPTION | |
| Extent | 666 p. |
| 440 ## - SERIES STATEMENT/ADDED ENTRY--TITLE | |
| Title | ( Stastistique et mathématiques appliquées ) |
| 9 (RLIN) | 24874 |
| 500 ## - GENERAL NOTE | |
| General note | Compr. Bibliogr., Index, Notifications et Abréviations |
| 942 ## - ADDED ENTRY ELEMENTS (KOHA) | |
| Item type | Livre |
| Withdrawn status | Lost status | Damaged status | Not for loan | Location (home branch) | Sublocation or collection (holding branch) | Date acquired | Source of acquisition | Koha issues (times borrowed) | Piece designation (barcode) | Koha date last seen | Copy number | Price effective from | Koha item type | Public note |
|---|---|---|---|---|---|---|---|---|---|---|---|---|---|---|
| Centre de Documentation et d'Information de l'Institut Regional Santé Publique | Centre de Documentation et d'Information de l'Institut Regional Santé Publique | 27/06/2013 | Achat | 6019CDIRSP | 27/06/2013 | 1 | 27/06/2013 | Livre | Prêt | |||||
| Centre de Documentation et d'Information de l'Institut Regional Santé Publique | Centre de Documentation et d'Information de l'Institut Regional Santé Publique | 27/06/2013 | Achat | 6020CDIRSP | 27/06/2013 | 2è | 27/06/2013 | Livre | Exclu du prêt |